Normal view
MARC view
Entry Nombre personal
001 - NÚMERO DE CONTROL
- campo de control: 234997
003 - IDENTIFICADOR DE NÚMERO DE CONTROL
- campo de control: SpMaBN
005 - FECHA Y HORA DE LA ÚLTIMA TRANSACCIÓN
- campo de control: 20240131165922.0
008 - ELEMENTOS DE DATO DE LONGITUD-FIJA
- campo de control de longitud fija: 211229n| azznnaabn |n aac d
040 ## - FUENTE DE CATALOGACIÓN
- Centro catalogador/agencia de origen: SpMaBN
- Lengua de catalogación: spa
- Centro/agencia transcriptor: SpMaBN
- Normas de descripción: rdc
- Convención/Normas de encabezamiento de materia/tesauro: embne
100 1# - ENCABEZAMIENTO-NOMBRE DE PERSONA
- Nombre de persona: Inguanzo Ortiz, Isabel
670 ## - FUENTE DE DATOS ENCONTRADOS
- Cita de la fuente: Metodologías activas en las aulas de ciencia política y relaciones internacionales
- Información encontrada: $<portada> (Lucía Ferreiro Prado (editora) ; autores, Gracia Abad Quintanal, Gibrán Cruz-Martínez, Marina Díaz Sanz, Lucía Ferreiro Prado, Melody Fonseca, Carlos González Villa, Manuel Iglesias Cavicchioli, Isabel Inguanzo Ortiz, Gloria Martínez-Cousinou, Laura Pérez Rastrilla)
